Industrialización de la higuerilla en Costa Rica
Збережено в:
| Автор: | |
|---|---|
| Формат: | Невідомо |
| Опубліковано: |
[San José, Costa Rica]
1979
|
| Предмети: | |
| Теги: |
Додати тег
Немає тегів, Будьте першим, хто поставить тег для цього запису!
|
MARC
| LEADER | 00000 a2200000 4500 | ||
|---|---|---|---|
| 003 | 001150 | ||
| 005 | 20221231143735.0 | ||
| 008 | 140114s1979 c a m 000 ||s d | ||
| 040 | |c cru CEDI | ||
| 090 | |a TFG 902 | ||
| 100 | |a Lizano Tracy, Norman Ricardo |9 16081 | ||
| 245 | |a Industrialización de la higuerilla en Costa Rica | ||
| 260 | |c 1979 |a [San José, Costa Rica] | ||
| 300 | |a 102 hojas : ilustraciones ; 27 cm | ||
| 500 | |a Tesis (licenciatura en ingeniería química)--Universidad de Costa Rica | ||
| 650 | |x HIGUERILLA |9 1504 | ||
| 942 | |c TFG | ||
| 999 | |c 11092 |d 11092 | ||
